[Event "ICS rated blitz match"]
[Site "207.99.83.227"]
[Date "1999.04.05"]
[Round "?"]
[White "Hossa"]
[Black "KOFF"]
[Result "1-0"]
[WhiteElo "2399"]
[BlackElo "2261"]
[Annotator "Fritz 5.32 (15s)"]
[PlyCount "87"]

1. e4 d6 2. d4 g6 3. Nf3 Bg7 4. Bc4 Nf6 5. Nc3 O-O 6. O-O a6 (6... Bg4 7. h3
Bxf3 8. Qxf3 Nc6 9. Be3 e5 10. d5 Nd4 11. Bxd4 exd4 12. Ne2 Re8 13. Nxd4 Nxe4
14. Rad1 {- Komora,A-Seres,L/TTIM Feb, Szeged HUN 1998 (14)}) 7. e5 $146 {
Weiss erobert Raum. Weiss ergreift die Initiative} (7. a3 b5 8. Ba2 Nc6 9. Re1
Bg4 10. Be3 Nh5 11. h3 Bxf3 12. Qxf3 Nxd4 13. Bxd4 Bxd4 14. Rad1 c5 15. g4 Ng7
16. b3 Rb8 17. Ne2 Be5 18. Nc3 Ne6 19. h4 Nd4 20. Qd3 e6 21. Qh3 21... Nxc2 {
Van der Wilt,N-De Jager,J/op, Vlissingen NED (7) 1996/0-1 (36)}) 7... dxe5 8.
dxe5 Qxd1 (8... Ng4 9. Qe2 b5 10. Rd1 $16) 9. Rxd1 Ng4 10. Nd5 10... Nc6 $16 {
Steigert den Druck auf den Bauern e5} (10... e6 11. Ne7+ Kh8 12. Bf4 $14) 11.
Nxc7 Rb8 (11... Ra7 12. e6 b5 13. exf7+ Kh8 14. Ne6 bxc4 15. Nxf8 Bxf8 16. b3
$14) 12. e6 Nge5 13. exf7+ Kh8 14. Nxe5 Nxe5 15. Be6 Bxe6 16. Nxe6 Rxf7 17.
Rd8+ $16 (17. Bf4 $5 17... Rc8 18. Rd5 $18) 17... Rxd8 {Droht Matt} 18. Nxd8
Rf5 19. Nxb7 {Der Freibauer c2 fuehrt schnell zu Drohungen} (19. Ne6 Ng4 20.
Nxg7 20... Rd5 $16) 19... Nc4 20. c3 $14 (20. Kf1 Bd4 21. f4 Bxb2 22. Bxb2+
22... Nxb2 $14) 20... Rd5 $16 (20... Rb5 21. Nd8 Rd5 22. Nf7+ Kg8 23. Nh6+ Kf8
24. Kf1 Nd2+ 25. Bxd2 Rxd2 26. Ng4 Rxb2 27. Ne3 $11) 21. Kf1 21... Rd1+ $2 $18
(21... Rb5 22. Nd8 Nxb2 23. Bxb2 23... Rxb2 $14) 22. Ke2 Rh1 23. h3 Bh6 (23...
Kg8 24. Nc5 a5 25. Ne4 $18) 24. b3 (24. Bxh6 Rxa1 25. b4 Rxa2+ 26. Kd3 Nd6 27.
Nxd6 27... exd6 $15) 24... Rxc1 25. Rxc1 $1 {die Entscheidung} 25... Bxc1 26.
bxc4 {Der Freibauer c4 greift sofort ein} 26... Kg8 27. Nc5 a5 28. Nb3 Bb2 29.
Nxa5 {Bildet einen beachtlichen Freibauern} 29... Bxc3 30. Nc6 (30. Nb3 {
ginge schneller} 30... Kf7 $18) 30... Kf8 31. a4 Ke8 32. f4 Kd7 33. Kd3 Be1 34.
Nd4 Ba5 (34... Bg3 35. Ke4 $18) 35. Nb3 Bb4 (35... Bc7 36. Ke4 $18) 36. a5 (36.
c5 {waere im Gewinnsinne praeziser} 36... Be1 $18) 36... Kc6 37. g4 Kb7 38. c5
Ka6 (38... Be1 39. Kc4 $18) 39. Ke4 {Weiss plant f5} (39. Kc4 $5 {
damit wuerde Weiss es sich noch erleichtern} 39... Be1 $18) 39... h5 (39... Kb7
40. Kd5 Be1 41. Ke6 $18) 40. gxh5 (40. g5 $5 {laesst dem Gegner kaum Chancen}
40... Bc3 $18) 40... gxh5 41. Kf5 h4 (41... Kb5 {
macht keinen grossen Unterschied} 42. Ke6 $18) 42. Ke6 Kb5 43. f5 Ka4 44. a6 (
44. a6 Kxb3 45. c6 $18) 1-0

[Event "ICS rated blitz match"]
[Site "207.99.83.227"]
[Date "1999.04.05"]
[Round "?"]
[White "WoodPusher3"]
[Black "Hossa"]
[Result "0-1"]
[WhiteElo "2042"]
[BlackElo "2409"]
[Annotator "Fritz 5.32 (15s)"]
[PlyCount "18"]

1. e4 d6 2. d4 Nf6 3. Nc3 g6 4. f3 Nbd7 5. Be3 e5 6. d5 Bg7 7. Qd2 O-O 8. g4
8... Nb6 $146 (8... Ne8 9. O-O-O f5 (9... f5 10. gxf5 gxf5 11. exf5 Nc5 12. Ne4
Bxf5 13. Nxc5 dxc5 14. Bxc5 Nd6 15. Kb1 Qf6 16. Ne2 b6 17. Bxd6 cxd6 18. Nc3
Bh6 19. Qg2+ Kh8 20. Bd3 Rg8 21. Qe2 Bh3 22. Ne4 Qe7 23. Rhg1 Bf4 24. a3 Rad8
25. Qf2 Rgf8 26. Nc3 Qf6 27. Ne2 Bh6 28. Rg3 Bd7 29. Rdg1 Bf5 30. Bxf5 Qxf5 31.
Nc3 Qf7 32. Qe2 Rd7 33. Qd3 Bf4 34. R3g2 Qh5 35. Ne4 Qh6 36. Nf2 Rdf7 37. Qe2
Qh5 38. Ne4 Qh6 39. Rg4 Qxh2 40. Nxd6 Rd7 41. R4g2 Qh6 42. Nf5 Qh3 43. Ne3 Qh6
44. Nf5 Qh3 45. Qe4 Rdf7 46. Rg4 Qh2 47. R1g2 Qh3 48. Nd4 Qh6 49. Ne6 Rc8 50.
Rg7 Rxg7 51. Rxg7 Rg8 52. Rxa7 Qh3 53. Nxf4 {
1-0 Ivanov Alexander V-Melkumyants N/It 1994 (53)}) 10. gxf5 gxf5 11. exf5 Nc5
12. Ne4 Bxf5 13. Nxc5 dxc5 14. Bxc5 Nd6 15. Kb1 Qf6 16. Ne2 b6 17. Bxd6 cxd6
18. Nc3 Bh6 19. Qg2+ Kh8 20. Bd3 Rg8 21. Qe2 Bh3 22. Ne4 Qe7 23. Rhg1 Bf4 24.
a3 Rad8 25. Qf2 Rgf8 26. Nc3 Qf6 27. Ne2 Bh6 28. Rg3 Bd7 29. Rdg1 Bf5 30. Bxf5
Qxf5 31. Nc3 Qf7 32. Qe2 Rd7 33. Qd3 Bf4 34. R3g2 Qh5 35. Ne4 Qh6 36. Nf2 Rdf7
37. Qe2 Qh5 38. Ne4 Qh6 39. Rg4 Qxh2 40. Nxd6 Rd7 41. R4g2 Qh6 42. Nf5 Qh3 43.
Ne3 {Ivanov,A-Melkumyants,N/1-0 (53)}) 9. Bh6 $4 $17 {wirft den Vorteil weg} (
9. O-O-O $14 $142 {ist noch spielbar}) 9... Nxe4 $1 {
die richtige Fortsetzung, um den Vorteil festzuhalten. . . . . . . .} (9...
Nxe4 10. fxe4 Qh4+ 11. Qf2 Qxf2+ 12. Kxf2 12... Bxh6 $19) 0-1

[Event "ICS rated blitz match"]
[Site "207.99.83.227"]
[Date "1999.04.05"]
[Round "?"]
[White "Hossa"]
[Black "WoodPusher3"]
[Result "1-0"]
[WhiteElo "2412"]
[BlackElo "2039"]
[Annotator "Fritz 5.32 (15s)"]
[PlyCount "107"]

1. e4 e5 2. Nf3 Nf6 3. Nc3 Nc6 4. Bc4 Nxe4 5. Nxe4 d5 6. Bd3 dxe4 7. Bxe4 Bd6
8. Bxc6+ (8. c3 O-O 9. h4 h6 10. Qc2 Ne7 11. d4 exd4 12. Nxd4 f5 13. Bf3 Ng6
14. Bd5+ Kh8 15. Bg5 Re8+ 16. Ne2 Qd7 17. O-O-O Qb5 18. Be3 Ne5 19. Bb3 Ng4 20.
Ba4 Qe5 21. Rd3 b5 22. Nf4 22... Nxe3 {
Hebelka,M-Betko,L/SVK-chT 9394 1994/1-0 (41)}) 8... bxc6 9. O-O 9... Bg4 $14 (
9... Bc5 10. d3 O-O 11. Nh4 Qd7 12. Qf3 Kh8 13. Qh5 Qg4 14. Qxg4 Bxg4 15. Be3
Bd6 16. f3 Be6 17. d4 17... exd4 {
0-1 Fidan,H-Golubenko,V/EuYouth U10 Girls, Tallinn EST 1997 (17)}) (9... O-O
10. d4 e4 11. Ng5 $11) 10. Re1 $11 (10. h3 Bxf3 11. Qxf3 11... Qd7 $14) 10...
O-O $14 (10... Qf6 11. d4 O-O 12. dxe5 Bxe5 13. Bg5 (13. Rxe5 $143 13... Qxe5
14. Nxe5 14... Bxd1 $17) 13... Qxg5 14. Nxg5 (14. Rxe5 $143 14... Qxe5 15. Nxe5
Bxd1 16. Rxd1 16... Rfd8 $19) 14... Bxd1 15. Rxe5 $11) 11. Rb1 $11 (11. h3 $5 {
ist die kritische Fortsetzung} 11... Bh5 12. g4 $14) 11... f5 $14 (11... Qf6
12. d3 $11) 12. Qe2 {Wird e5 fallen?} 12... Kh8 13. h3 $11 (13. d3 e4 14. dxe4
fxe4 15. Qxe4 Bxf3 16. gxf3 16... Qf6 $14) 13... Bh5 14. d3 Qf6 15. Qe3 Rae8
16. Bd2 (16. Nd2 e4 17. dxe4 17... fxe4 $11) 16... e4 {Raumvorteil} 17. dxe4
fxe4 18. Nd4 18... Qe5 {Droht Matt: Qh2} 19. g3 (19. Nxc6 $4 {
der kann natuerlich nicht genommen werden} 19... Qh2+ 20. Kf1 Qh1#) 19... Bc5
20. Bc3 20... Qd5 $15 (20... Rd8 $5 21. Ne6 Bxe3 (21... Qxe6 $6 22. Qxc5 Bf3
23. g4 $11 (23. Qxa7 $4 {den sollte Weiss lieber stehen lassen} 23... Qxh3 24.
Bxg7+ Kg8 25. Bxf8 Qg2#)) 22. Bxe5 Bxf2+ 23. Kg2 Bxe1 24. Nxd8 Bf3+ 25. Kg1
Bxg3 26. Nxc6 26... Bh4 $17) 21. g4 $2 $19 (21. b4 $142 {ist noch spielbar}
21... Bb6 22. Ba1 $15) 21... Rf3 22. Qd2 Rxh3 23. Nb3 (23. gxh5 Qxh5 24. Qh6
Qxh6 25. Kf1 Qh5 26. f3 Rxf3+ 27. Ke2 Rd3+ 28. Kf1 Qh3+ 29. Kg1 Rg3+ 30. Kf2
Qg2#) 23... Qxd2 (23... Bxg4 $5 {ginge schneller} 24. Qxd5 cxd5 25. Kg2 $19 (
25. Nxc5 $4 {den Laeufer zu nehmen, verliert} 25... Bf3 26. Bxg7+ Kg8 27. Rxe4
Rh1#)) 24. Nxd2 24... Bxg4 $17 (24... Rg3+ 25. Kf1 Rxg4 26. b4 $19) 25. Kg2 e3
26. Nc4 Rf3 (26... h5 27. Nxe3 Bxe3 28. fxe3 $17) 27. fxe3 (27. Nxe3 27... Bh5
$17) 27... Ref8 (27... Bxe3 $6 28. Bd2 Rf2+ 29. Kg3 Rxd2 30. Nxd2 $14) 28. Ne5
Rf2+ 29. Kg1 Bh3 30. Nd3 Rg2+ 31. Kh1 31... Bb6 $4 $16 {
danach wendet sich das Blatt} (31... Rxc2 $142 32. Nxc5 32... Rff2 $19) 32. Nf4
Rxf4 33. exf4 {Es droht Matt} 33... Kg8 $18 (33... h6 34. Rbc1 $16) 34. Re8+
Kf7 35. Rbe1 Rxc2 36. R1e7+ Kg6 37. Rxg7+ ({Dagegen} 37. Bxg7 37... Bg4 38. f5+
38... Kg5 $19) 37... Kf5 38. Rf8+ $16 (38. Be5 h5 39. Rg5+ 39... Ke4 $18) 38...
Ke4 39. Rg5 $11 (39. Be5 $5 $16 $142) 39... Kf3 40. Rgg8 $17 (40. Rfg8 $5 $142
{kam sehr in Betracht} 40... Be6 41. R8g7 $11) 40... Rc1+ $11 (40... Bg4 41.
Re8 Kg3 42. Rxg4+ 42... Kxg4 $19) 41. Kh2 41... Be6 $18 (41... Bg4 42. Rxg4
Kxg4 43. Rg8+ Kf3 44. Rg3+ 44... Ke4 $15) 42. Rg3+ Kf2 43. Rg2+ Kf3 44. b3 $16
(44. a4 $5 44... Rd1 $18) 44... Bd5 (44... Bf2 45. f5 Bd5 46. Be5 $16) 45. Bb2
(45. Be5 45... Bf2 $16) 45... Rb1 (45... Rd1 46. Be5 $16) 46. Be5 Ke3 47. Rg1 (
47. Rc2 47... Ke4 $16) 47... Rb2+ $4 $18 {fuehrt zu weiteren Sorgen} (47...
Rxg1 $142 48. Kxg1 48... c5 $16) 48. Bxb2 Kf3 (48... Bc5 {aendert nichts mehr}
49. Rf6 $18) 49. Rg3+ Ke4 50. Be5 (50. Re8+ {ist genauer} 50... Kxf4 51. Rf8+
51... Ke4 $18) 50... Be6 (50... c5 {nuetzt auch nichts mehr} 51. Rc3 $18) 51.
Rg7 Kd5 (51... h6 {aendert nichts mehr} 52. Rh8 $18) 52. Rxh7 c5 (52... Ke4 {
hilft allerdings auch nicht} 53. Bxc7 Bd5 54. Kg3 $18) 53. Bxc7 (53. Rh6 $5 {
ist genauer} 53... c4 54. Rd8+ Kc5 55. Rxe6 cxb3 56. axb3 c6 57. Bd4+ Kb5 58.
Bxb6 58... Kxb6 $18) 53... Bxc7 (53... Bg4 {nuetzt auch nichts mehr} 54. Rd8+
Kc6 55. Rd6+ Kb5 56. Bxb6 axb6 57. Kg3 $18) 54. Rxc7 (54. Rxc7 Bg4 55. Rd8+ Ke6
56. Rc6+ Ke7 57. Ra8 $18) 1-0

[Event "ICS rated blitz match"]
[Site "207.99.83.227"]
[Date "1999.04.05"]
[Round "?"]
[White "JS"]
[Black "Hossa"]
[Result "0-1"]
[WhiteElo "2138"]
[BlackElo "2415"]
[Annotator "Fritz 5.32 (15s)"]
[PlyCount "42"]

1. c4 e5 2. d3 Nc6 (2... Nf6 3. Nf3 Nc6 4. a3 g6 5. b4 Bg7 6. Bb2 d6 7. Nbd2
O-O 8. g3 Qe7 9. Qc2 Re8 10. Rc1 a5 11. b5 Nd8 12. c5 Ne6 13. cxd6 cxd6 14. Nc4
Bd7 15. a4 Nd5 16. Bg2 Nc5 17. O-O Nb4 18. Qd1 Bf5 19. d4 exd4 20. Bxd4 Bxd4
21. Nxd4 Be4 22. Bxe4 Nxe4 23. e3 d5 24. Nd2 Nd3 25. Nxe4 dxe4 26. Rc3 Rac8 27.
Qc2 Rc5 28. Nb3 Rxc3 29. Qxc3 Qb4 30. Qxb4 axb4 31. a5 Kf8 32. Ra1 Ke7 33. Kf1
Kd6 34. Ke2 Rc8 35. a6 bxa6 36. bxa6 Rc2+ 37. Nd2 b3 38. a7 b2 39. Rb1 {
1-0 Bosboom,M-Yakovich,Y/Open, Leeuwarden NED 1997 (39)}) 3. Nc3 Bb4 4. g3 $146
(4. Bd2 Nf6 5. Nf3 O-O 6. g3 Re8 7. Bg2 Bxc3 8. Bxc3 d5 9. cxd5 Nxd5 10. O-O a5
11. Rc1 {- Klarenbeek Hans-Hoeksema Hendrik Pieter/Ch Netherlands, Enschede
(Netherlands) 1991 (11)}) (4. Nf3 Nf6 5. Bg5 h6 6. Bxf6 Bxc3+ 7. bxc3 Qxf6 8.
Nd2 O-O 9. g3 b6 10. Bg2 Bb7 11. O-O Nd8 12. Bd5 Qd6 13. Qb3 Nc6 14. a4 Na5 15.
Qa2 Bxd5 16. cxd5 f5 17. Rab1 Rae8 18. e4 Kh7 19. Kg2 Re7 20. f4 fxe4 21. Nxe4
Qg6 22. fxe5 Rxf1 23. Rxf1 Rxe5 24. d6 cxd6 25. Qf7 Qxf7 26. Rxf7 d5 27. Nd6 d4
28. cxd4 Rd5 29. Ne8 Kg8 30. Rxg7+ Kf8 31. Nc7 Rxd4 32. Rh7 Nc6 33. Nb5 Rxa4
34. Rxd7 Ra5 35. Nc7 Ne5 36. Rd6 Ra2+ 37. Kh3 Nf7 38. Rd7 38... a5 {
Gutman L-Huebner R/It ( shv. ), Lugano 1989/0-1 (53)}) 4... Nge7 5. Bg2 O-O 6.
Nf3 Bxc3+ (6... d5 7. cxd5 Nxd5 8. Bd2 $11) 7. bxc3 {Verwehrt dem Gegner b4+d4}
7... d5 8. cxd5 Nxd5 9. c4 Nb6 10. O-O Bg4 11. h3 Bxf3 12. Bxf3 Qd7 13. Kh2
Rad8 14. Rb1 Rb8 15. a4 $11 (15. Bg2 $5 $14 {steht zur Diskussion}) 15... Nd4 {
Schwarz fuehrt die Partie kraftvoll zu Ende} 16. Bg2 Nxa4 17. Rxb7 $2 $19 (17.
Bd2 $5 $15 $142 {und Weiss kann noch kaempfen}) 17... Nc3 18. Qd2 Rxb7 19. Bxb7
Ncxe2 (19... Ndxe2 $6 20. Bb2 c6 21. Bxc3 Nxc3 22. Qxc3 Qxb7 23. Qxe5 $14) 20.
Ba3 $19 (20. Bg2 $5 $142 20... Nxc1 21. Qxc1 $17) 20... c6 $1 {
nun ist alles klar} 21. Bxf8 $4 {
auch bessere Zuege haetten die Partie nicht gerettet.} (21. Qa2 Rb8 22. Bc5
Rxb7 23. Kg2 $19) 21... Nf3+ (21... Nf3+ 22. Kg2 22... Nxd2 $19) (21... Kxf8 {
kommt nicht in Frage} 22. Qb4+ Kg8 23. Ba6 $14) (21... Qxb7 {
ist weit schwaecher wegen} 22. Qb4 Qc8 23. Bd6 $16) 0-1

[Event "ICS rated blitz match"]
[Site "207.99.83.227"]
[Date "1999.04.05"]
[Round "?"]
[White "Hossa"]
[Black "AradoAr234Blitz"]
[Result "1-0"]
[WhiteElo "2420"]
[BlackElo "2130"]
[PlyCount "42"]

1. e4 c5 2. Bc4 e6 3. Nc3 a6 4. a4 b6 5. Nf3 Bb7 6. O-O d6 7. d4 Be7 8. dxc5
bxc5 9. Qd3 Nd7 10. Bf4 e5 11. Be3 Ngf6 12. Bd5 Bxd5 13. Nxd5 O-O 14. Rad1 Nxd5
15. Qxd5 Re8 16. b3 Qc7 17. Ng5 Bxg5 18. Bxg5 h6 19. Qxd6 Qxd6 20. Rxd6 hxg5
21. Rxd7 21... Red8 {AradoAr234Blitz resigns} 1-0

[Event "ICS rated blitz match"]
[Site "207.99.83.227"]
[Date "1999.04.05"]
[Round "?"]
[White "bot"]
[Black "Hossa"]
[Result "1-0"]
[WhiteElo "2858"]
[BlackElo "2425"]
[PlyCount "41"]

1. d4 Nf6 2. c4 g6 3. Nc3 Bg7 4. e4 d6 5. f3 O-O 6. Be3 e5 7. Nge2 exd4 8. Nxd4
Nh5 9. Qd2 Bd7 10. Bg5 Nf6 11. Be2 Nc6 12. Nxc6 Bxc6 13. O-O Re8 14. Rad1 Qe7
15. Nd5 Bxd5 16. cxd5 Qe5 17. Bf4 Qh5 18. Rc1 Re7 19. Bg5 c5 20. dxc6 Rc7 21.
h4 {Hossa resigns} 1-0

[Event "ICS rated blitz match"]
[Site "207.99.83.227"]
[Date "1999.04.05"]
[Round "?"]
[White "Hossa"]
[Black "StrongBach"]
[Result "1-0"]
[WhiteElo "2423"]
[BlackElo "1880"]
[PlyCount "77"]

1. e4 e5 2. Nf3 d5 3. exd5 Qxd5 4. Nc3 Qe6 5. Be2 Nd7 6. O-O Ngf6 7. d4 e4 8.
Ng5 Qc6 9. Bb5 Qb6 10. Bc4 Bb4 11. Bxf7+ Kf8 12. Nd5 Qa5 13. Nxc7 Rb8 14. Nce6+
Ke7 15. c3 Bd6 16. Nf4 Rf8 17. Bb3 Qxg5 18. Nd5+ Qxd5 19. Bxd5 Nxd5 20. Qg4 Kd8
21. Qe6 Bxh2+ 22. Kxh2 N5f6 23. Bg5 h6 24. Bxf6+ Nxf6 25. Qd6+ Nd7 26. Qg6 Nf6
27. Qxg7 Ng4+ 28. Kg1 Re8 29. Rae1 Bd7 30. f3 Re7 31. Qf8+ Re8 32. Qd6 Ra8 33.
Rxe4 Rg8 34. Rxg4 Rg5 35. Rf4 Rg8 36. Rf7 Rxg2+ 37. Kxg2 Kc8 38. Rf8+ Be8 39.
Rxe8# {StrongBach checkmated} 1-0

[Event "ICS rated blitz match"]
[Site "207.99.83.227"]
[Date "1999.04.05"]
[Round "?"]
[White "Hossa"]
[Black "bot"]
[Result "0-1"]
[WhiteElo "2424"]
[BlackElo "2860"]
[Annotator "Crafty v16.6"]
[PlyCount "115"]

{annotating for player Hossa using a scoring margin of +0.10 pawns. search
time limit is 20.00} 1. e4 1... e5 2. Nf3 Nc6 3. Bc4 Bc5 4. c3 ({8:-0.27} 4. c3
4... Nf6 5. d4 exd4 6. e5 Ne4 7. cxd4 7... Na5 $10) ({8:+0.02} 4. d4 4... exd4
5. Ng5 d5 6. Bxd5 Nh6 7. O-O 7... O-O $10) 4... Nf6 5. d3 d6 6. O-O O-O 7. b4
Bb6 8. Bg5 h6 9. Bd2 Bg4 10. Na3 Re8 11. Qe2 ({8:-0.16} 11. Qe2 11... Nh5 12.
Bd5 Nf4 13. Bxf4 exf4 14. b5 Na5 15. Nc2 $10) ({8:-0.04} 11. Nc2 11... Qd7 12.
Ne3 Be6 13. Nd5 Bxd5 14. exd5 Ne7 15. Qb3 $10) 11... d5 12. exd5 Nxd5 13. Rae1
Qd7 14. b5 ({8:-0.35} 14. b5 14... Na5 15. h3 Bh5 16. Bxd5 Qxd5 17. c4 Qd6 18.
Nc2 $15) ({8:-0.20} 14. Qd1 14... Nf4 15. Bxf4 exf4 16. b5 Na5 17. h3 Nxc4 18.
Nxc4 Rxe1 19. Rxe1 $10) 14... Na5 15. Qd1 ({9:-0.57} 15. Qd1 15... Qd6 16. h3
Bh5 17. Qe2 Nf6 18. Bc1 Bc5 19. Nc2 Nxc4 20. dxc4 $15) ({9:-0.29} 15. h3 15...
Nf4 16. Bxf4 exf4 17. Qd1 Bh5 18. Re5 Nxc4 19. Nxc4 Rxe5 20. Nfxe5 20... Qf5
$10) 15... Qd6 16. h3 Bh5 17. g4 Bg6 18. d4 exd4 19. cxd4 Re4 20. Bxd5 Qxd5 21.
Qa4 Rxe1 22. Nxe1 a6 23. bxa6 Rxa6 24. Qe8+ Kh7 25. Nb5 ({8:-2.10} 25. Nb5
25... Nc6 26. a4 Nxd4 27. Nxd4 Qxd4 28. Nf3 Qxa4 29. Qe5 $19) ({8:-1.75} 25.
Be3 25... Qxa2 26. Nb5 Nc6 27. d5 Qxd5 28. Bxb6 cxb6 29. Nc7 $19) 25... Nc4 26.
Bb4 f6 27. Nc3 Qxd4 28. Qe7 Ra8 29. Ne2 Qe5 30. Qxe5 fxe5 31. a3 c5 32. Bc3
Rxa3 33. f4 Ne3 34. f5 Bf7 35. Rf3 c4 36. Bxe5 Nxf5+ 37. Kf1 Ne3+ 38. Kf2 Bd5
39. Bd4 Nd1+ 40. Kf1 Bxf3 41. Bxb6 Bxe2+ 42. Kxe2 Nc3+ 43. Kf2 Nd5 44. Bd4 b5
45. Nf3 c3 46. Ng1 b4 47. Ne2 c2 48. Nc1 Rxh3 49. Be5 Ne3 50. g5 hxg5 51. Bd4
Nc4 52. Kg2 g4 53. Kf1 Rh1+ 54. Kg2 Rxc1 55. Kg3 Rf1 56. Ba7 c1=Q 57. Bf2 Rxf2
58. Kxf2 0-1

[Event "ICS rated blitz match"]
[Site "207.99.83.227"]
[Date "1999.04.05"]
[Round "?"]
[White "Monclus"]
[Black "Hossa"]
[Result "0-1"]
[WhiteElo "2108"]
[BlackElo "2422"]
[PlyCount "48"]

1. e4 c5 2. c3 e5 3. Bc4 Nf6 4. d3 Be7 5. f4 Nc6 6. Nf3 exf4 7. Bxf4 d5 8. Bb5
dxe4 9. Ne5 Bd7 10. Nxd7 Qxd7 11. O-O Rd8 12. Nd2 exd3 13. Bg5 Nd5 14. Ne4 f5
15. Bxe7 Qxe7 16. Ng3 Ne3 17. Qh5+ g6 18. Qh6 Nxf1 19. Rxf1 a6 20. Bxc6+ bxc6
21. Nxf5 gxf5 22. Qxc6+ Kf7 23. Rxf5+ Kg7 24. Qf3 24... Qe1+ {Monclus resigns}
0-1

[Event "ICS rated blitz match"]
[Site "207.99.83.227"]
[Date "1999.04.05"]
[Round "?"]
[White "Hossa"]
[Black "Jfreile"]
[Result "1/2-1/2"]
[WhiteElo "2433"]
[BlackElo "2437"]
[PlyCount "101"]

1. e4 c6 2. Nc3 d6 3. Nf3 Bg4 4. Be2 Nd7 5. O-O e5 6. d4 Ngf6 7. Bg5 Be7 8.
Bxf6 Bxf6 9. d5 c5 10. Nd2 Bxe2 11. Nxe2 O-O 12. Ng3 g6 13. Qg4 Bg7 14. Rae1 b5
15. Kh1 Rc8 16. c3 a5 17. Nb3 a4 18. Nd2 h5 19. Qh3 Nf6 20. Rd1 Nh7 21. c4 b4
22. Ne2 Bh6 23. f4 exf4 24. Nxf4 Bxf4 25. Rxf4 Qg5 26. Rdf1 Rce8 27. Qd7 Qe5
28. Rxf7 Ng5 29. Rxf8+ Rxf8 30. Rxf8+ Kxf8 31. Nf3 Nxf3 32. Qd8+ Kg7 33. gxf3
a3 34. bxa3 Qa1+ 35. Kg2 Qxa2+ 36. Kg3 bxa3 37. Qe7+ Kg8 38. Qxd6 Qb2 39. Qxg6+
Kf8 40. Qd6+ Kf7 41. e5 a2 42. Qf6+ Kg8 43. Qg5+ Kf8 44. Qd8+ Kg7 45. Qe7+ Kg8
46. Qe6+ Kh7 47. Qf7+ Kh6 48. Qf6+ Kh7 49. Qf7+ Kh6 50. Qf6+ Kh7 51. Qf7+ {
Game drawn by repetition} 1/2-1/2

[Event "ICS rated blitz match"]
[Site "207.99.83.227"]
[Date "1999.04.05"]
[Round "?"]
[White "Prof-Moriarty"]
[Black "Hossa"]
[Result "1-0"]
[WhiteElo "2292"]
[BlackElo "2433"]
[Annotator "Crafty v16.6"]
[PlyCount "77"]

{annotating for player Hossa using a scoring margin of +0.10 pawns. search
time limit is 20.00} 1. d4 1... Nf6 2. Nf3 e6 3. e3 Be7 4. Bd3 O-O 5. O-O d5 6.
Nbd2 Nc6 7. a3 b6 ({9:-0.37} 7... b6 8. Ng5 h6 9. Ngf3 Qd6 10. b3 Bb7 11. Bb2
11... Ng4 $14) ({9:-0.10} 7... Qd6 8. c4 dxc4 9. Nxc4 Qd5 10. e4 Qd8 11. e5 Ng4
12. Be4 $10) 8. b3 Bd6 9. Bb2 Bb7 10. Ne5 Rc8 ({8:-0.57} 10... Rc8 11. Nxc6
Bxc6 12. Ba6 Ra8 13. f4 Qd7 14. Qf3 14... Rad8 $14) ({8:-0.40} 10... Ne7 11.
Ng4 Nd7 12. f4 c5 13. c3 cxd4 14. cxd4 14... Rc8 $14) 11. f4 Ne7 12. Qf3 c5 13.
Qh3 cxd4 14. exd4 Nc6 ({8:-0.24} 14... Nc6 15. f5 Qe7 16. fxe6 fxe6 17. Ng4 h6
18. Nxf6+ Rxf6 19. Rxf6 Qxf6 20. Rf1 $10) ({8:+0.39} 14... Ne4 15. Rad1 Nf5 16.
Rfe1 Qe7 17. c4 f6 18. Nxe4 18... dxe4 $15) 15. Rae1 Qe7 16. g4 Nd8 ({7:+0.00} 
16... Nd8 17. Rf2 h6 18. g5 Ne4 19. Bxe4 dxe4 20. gxh6 $10) ({7:+0.12} 16... h6
17. b4 a5 18. g5 hxg5 19. fxg5 Ne4 20. Nxe4 20... dxe4 $10) 17. g5 Ne4 18. Nxe4
dxe4 19. Rxe4 Bxe4 20. Bxe4 f5 21. gxf6 gxf6 22. Ng4 Qg7 ({8:+0.10} 22... Qg7
23. f5 Rc7 24. fxe6 Nxe6 25. Bf5 Nf4 26. Qh6 Ne2+ 27. Kg2 $10) ({8:+0.23} 22...
Rc7 23. d5 Qg7 24. Bxh7+ Qxh7 25. Nxf6+ Rxf6 26. Qxh7+ Kxh7 27. Bxf6 Bc5+ 28.
Kg2 Be7 29. Bxe7 Rxe7 30. dxe6 30... Nxe6 $10) 23. Kh1 Kh8 24. Rg1 Qe7 ({
9:-1.81} 24... Qe7 25. d5 e5 26. fxe5 Rc7 27. Bxh7 Qxh7 28. Qxh7+ Kxh7 29. exd6
Rxc2 30. Bxf6 $18) ({9:-0.69} 24... f5 25. Ne5 Bxe5 26. Rxg7 Bxg7 27. Bd3 Nc6
28. Qe3 Rg8 29. Qxe6 29... Bxd4 $14) 25. Qh6 Rf7 26. d5 e5 27. fxe5 fxe5 ({
8:-8.51} 27... fxe5 28. Nxe5 Bxe5 29. Bxh7 Rg7 30. Bf5+ Kg8 31. Qh7+ Kf7 32.
Rxg7+ Bxg7 33. Qxg7+ Ke8 34. Qg8+ Qf8 35. Qxf8+ Kxf8 36. Bxc8 36... Ke7 $18) ({
8:-4.22} 27... Bc5 28. Bg6 Rc7 29. Nxf6 Rg7 30. d6 Bxd6 31. exd6 31... Qxd6 $18
) 28. Bxh7 Nc6 29. Bg6+ Rh7 30. Bxh7 Qxh7 31. Qf6+ Qg7 32. Qxd6 Rd8 33. Qxc6
Kh7 34. Bxe5 Rb8 35. Bxg7 Kxg7 36. Qf6+ Kh7 37. Ne5 Rc8 38. Rg7+ Kh8 39. Qh6#
1-0

[Event "ICS rated blitz match"]
[Site "207.99.83.227"]
[Date "1999.04.05"]
[Round "?"]
[White "kyu"]
[Black "Hossa"]
[Result "0-1"]
[WhiteElo "2164"]
[BlackElo "2411"]
[PlyCount "46"]

1. e4 e5 2. Nf3 Nc6 3. d3 Bc5 4. Nc3 Nf6 5. Be2 Bb4 6. Bg5 Bxc3+ 7. bxc3 O-O 8.
O-O d6 9. Re1 Bg4 10. h3 Be6 11. Bf1 Qe7 12. d4 Nd8 13. Rb1 Bxa2 14. Rb2 Be6
15. Qa1 a6 16. Qa5 b6 17. Qa3 h6 18. Bh4 g5 19. dxe5 gxh4 20. exf6 Qxf6 21. e5
dxe5 22. Rxe5 Bxh3 23. Rh5 23... Bg4 {kyu resigns} 0-1

[Event "ICS rated blitz match"]
[Site "207.99.83.227"]
[Date "1999.04.05"]
[Round "?"]
[White "Hossa"]
[Black "TheGMNorm"]
[Result "1-0"]
[WhiteElo "2417"]
[BlackElo "2101"]
[PlyCount "83"]

1. e4 Nf6 2. e5 Nd5 3. Nc3 Nxc3 4. dxc3 d5 5. Bf4 Bf5 6. Bb5+ c6 7. Bd3 Bxd3 8.
cxd3 e6 9. Nf3 c5 10. Qb3 Qb6 11. Bg5 Nc6 12. O-O Be7 13. Qxb6 axb6 14. Be3 Kd7
15. d4 c4 16. b3 b5 17. bxc4 bxc4 18. Rfb1 Kc7 19. Rb5 Ra5 20. Rb2 h6 21. Rab1
Ra7 22. Bd2 Rha8 23. Ra1 Na5 24. Rd1 Nc6 25. a4 Rxa4 26. Rbb1 Na5 27. Be3 Nb3
28. Nd2 Nxd2 29. Bxd2 Ra3 30. f4 Kc6 31. Kf2 Ra2 32. g3 Bd8 33. Ke3 Rc2 34.
Rdc1 Raa2 35. Rxc2 Rxc2 36. Ra1 Kb6 37. Ra8 Kc7 38. h4 g5 39. fxg5 hxg5 40. h5
g4 41. Rxd8 Kxd8 42. h6 {TheGMNorm resigns} 1-0

[Event "ICS rated blitz match"]
[Site "207.99.83.227"]
[Date "1999.04.05"]
[Round "?"]
[White "Hossa"]
[Black "funnyfarm"]
[Result "1-0"]
[WhiteElo "2421"]
[BlackElo "2075"]
[PlyCount "53"]

1. e4 e6 2. Nf3 d5 3. exd5 exd5 4. d4 Bd6 5. Bb5+ Bd7 6. Bg5 f6 7. Bxd7+ Qxd7
8. Be3 Nc6 9. O-O Nge7 10. Re1 O-O-O 11. Qd3 g5 12. c4 Qg4 13. c5 Bf4 14. h3
Qh5 15. Bxf4 gxf4 16. Re6 Rhg8 17. Kh1 Rg6 18. Re1 Rdg8 19. Rg1 Rh6 20. Qc3 Nf5
21. Nbd2 Nce7 22. Rae1 Ne3 23. fxe3 Nf5 24. exf4 Rg3 25. Nf1 Rxh3+ 26. gxh3
Qxh3+ 27. N3h2 {funnyfarm resigns} 1-0